Score 0/50 Timer 10:00
0 Plays Today
Hint Answer % Correct
Flag colorCobalt blue
98.7%
Flag colorWhite
98.7%
Flag colorBright vermilion (red)
98.6%
CapitalAmsterdam
98.1%
Incorrect name used oftenHolland
96%
Full nameNetherlands
95.7%
National colorOrange
94.8%
CurrencyEuro
94.7%
Bordering countryGermany
94.6%
Bordering countryBelgium
94.5%
Official national languageDutch
94.3%
DemonymDutch
94.3%
Most popular sportFootball (soccer)
94.1%
Second largest cityRotterdam
92.5%
Seat of governmentThe Hague
87.1%
Bordering seaNorth Sea
86.9%
Primary continentEurope
85.7%
Largest religionRoman Catholic
85.6%
Drives on the ........Right
84.8%
Number of provinces12
83.1%
Internet country code.nl
81.5%
First monarchKing William I
78.6%
Population (to nearest million)17
78%
Animal on coat of armsLion
77.9%
Age of suffrage18
77.3%
Hint Answer % Correct
Former currencyGuilder
77.3%
Prime MinisterMark Rutte
74.1%
National anthemWilhelmus
73.3%
Longest riverRhine
70.9%
Smallest province in areaUtrecht
67.1%
MonarchKing Willem-Alexander
65.1%
Independence fromSpanish Empire
64.2%
Largest province in area (only land)Gelderland
63.6%
Largest province in area (land and water)Friesland
60.2%
Calling code+31
59.6%
Upper houseEerste Kamer der Staten-Generaal
59.1%
Lower houseTweede Kamer der Staten-Generaal
55.5%
Largest lakeIJsselmeer
55%
Oldest universityLeiden University
52.9%
Bordering seaWadden Sea
44.1%
Special municipalityBonaire
40.5%
Highest point European NetherlandsVaalserberg
38.5%
Special municipalitySaba
35.5%
MottoJe maintiendrai
32.1%
Special municipalitySint Eustatius
29.5%
Bordering seaCaribbean Sea
28.5%
Working palace monarchNoordeinde Palace
22%
Offical residence Prime MinisterCatshuis
20.8%
Highest pointMount Scenery
12.7%
Lowest pointZuidplaspolder
10.1%

You're not logged in!

Compare scores with friends on all Sporcle quizzes.
OR
Log In

Sporcle TV

Today on Sporcle TV


Watch our educational content, quiz creation guides, and fun videos on Sporcle TV.

Show Comments

Extras

Top Quizzes Today


Score Distribution

Paid Content

Your Account Isn't Verified!

In order to create a playlist on Sporcle, you need to verify the email address you used during registration. Go to your Sporcle Settings to finish the process.

Report this User

Report this user for behavior that violates our Community Guidelines.

Details: